Právna úprava kolektívneho investovania v SR diplomová práca

Gespeichert in:
Bibliographische Detailangaben
1. Verfasser: Golan, Branislav
Körperschaft: Obchodná fakulta EU. Katedra obchodného práva
Weitere Verfasser: Holub, Dušan
Format: Buch
Sprache:Slowakisch
Veröffentlicht: Bratislava 2009
Tags: Tag hinzufügen
Keine Tags, Fügen Sie das erste Tag hinzu!

MARC

LEADER 00000nam$a2200000$$$4500
001 0096978
005 20240320075335.4
041 0 |a slo 
044 |a SK 
245 1 0 |a Právna úprava kolektívneho investovania v SR  |b diplomová práca  |c Branislav Golan ; škol. Dušan Holub 
264 1 |a Bratislava  |c 2009 
300 |a 89 s. 
100 1 |a Golan, Branislav 
700 1 |a Holub, Dušan 
710 2 |a Obchodná fakulta EU. Katedra obchodného práva